[Event "Schachfestival Senioren"]
[Site "Bad Woerishofen"]
[Date "2023.03.11"]
[Round "9.40"]
[White "Goris-Schouwstra, Adry"]
[Black "Bjorgvik, Jan Arne"]
[Result "1/2-1/2"]
[WhiteElo "1659"]
[BlackElo "1764"]
[PlyCount "88"]
[EventDate "2023.??.??"]
[BlackTeam "NSF"]

1. d4 d5 2. Nf3 Nf6 3. e3 e6 4. Be2 c5 5. O-O Nc6 6. c3 cxd4 7. exd4 Bd6 8. h3 O-O 9. b3 h6 10. Ba3 Re8 11. Bxd6 Qxd6 12. Nbd2 e5 13. dxe5 Nxe5 14. Bb5 Bd7 15. Bxd7 Qxd7 16. Nxe5 Rxe5 17. Nf3 Re7 18. Re1 Rae8 19. Rxe7 Qxe7 20. Qd4 Qa3 21. Qd2 a6 22. Ne1 Qe7 23. Nf3 Qe2 24. Re1 Qxd2 25. Rxe8+ Nxe8 26. Nxd2 Kf8 27. Kf1 Ke7 28. Ke2 Kd6 29. Kd3 Nc7 30. c4 Ne6 31. cxd5 Kxd5 32. Ke3 b5 33. b4 Nd4 34. Kd3 Nc6 35. Kc3 Nd4 36. Kd3 f5 37. f4 Ne6 38. g3 g5 39. Ke3 gxf4+ 40. gxf4 Nd4 41. Kd3 Nc6 42. Kc3 Nd4 43. Kd3 Ne6 44. Ke3 Nd4 1/2-1/2

[Event "Schachfestival Senioren"]
[Site "Bad Woerishofen"]
[Date "2023.03.11"]
[Round "9.41"]
[White "Klimpel, Siegfried"]
[Black "Hotz, Herbert"]
[Result "1/2-1/2"]
[WhiteElo "1768"]
[BlackElo "1553"]
[PlyCount "121"]
[EventDate "2023.??.??"]
[WhiteTeam "TSV Kareth-Lappersdorf"]
[BlackTeam "SC 1970 Lorsch"]

1. e4 c6 2. Nc3 d5 3. d4 dxe4 4. Nxe4 Bf5 5. Ng3 Bg6 6. Nf3 Nd7 7. Bc4 e6 8. h4 h6 9. Bf4 Ngf6 10. Qe2 Be7 11. Be5 O-O 12. c3 Nxe5 13. dxe5 Nd5 14. Rd1 Qb6 15. Nd4 Rad8 16. O-O Bxh4 17. Nh5 Be7 18. Bb3 a6 19. Qg4 Bxh5 20. Qxh5 Kh8 21. Qg4 Qc7 22. Rfe1 Bg5 23. g3 c5 24. Nf3 Be7 25. Kg2 Nb6 26. Rc1 c4 27. Bc2 Qc5 28. Rh1 Nd7 29. Rh5 f5 30. exf6 Nxf6 31. Rxc5 Nxg4 32. Rc7 Bg5 33. Re1 e5 34. Rxc4 h5 35. Re2 Bf6 36. Bg6 Nh6 37. Bxh5 Kh7 38. Nd2 Bg5 39. Ne4 Bf6 40. Nxf6+ gxf6 41. Rc7+ Kh8 42. g4 Rd5 43. Rxb7 Rfd8 44. Bg6 Nxg4 45. Kg3 Nh6 46. Be4 R5d7 47. Rxd7 Rxd7 48. c4 Kg7 49. b4 Rd4 50. Bd5 Kf8 51. Re4 Nf5+ 52. Kg4 Rxe4+ 53. Bxe4 Nd4 54. c5 Ke7 55. a4 Nb3 56. Bd3 a5 57. Bc4 Nd4 58. bxa5 f5+ 59. Kg3 Kd7 60. Bb5+ Kc7 61. a6 1/2-1/2

[Event "Schachfestival Senioren"]
[Site "Bad Woerishofen"]
[Date "2023.03.11"]
[Round "9.42"]
[White "Hertkorn, Dieter"]
[Black "Emser, Heinrich"]
[Result "1-0"]
[WhiteElo "1549"]
[BlackElo "1822"]
[PlyCount "43"]
[EventDate "2023.??.??"]
[WhiteTeam "SF Blaustein"]
[BlackTeam "Vereinslos"]

{[%evp 0,43,16,16,33,20,102,-30,10,-78,3,-22,30,9,39,22,-7,8,125,30,80,18,17,26,57,41,41,39,105,37,326,359,359,362,418,411,411,351,414,393,394,363,398,385,483,478]} 1. e4 e5 2. Nf3 d5 3. d3 dxe4 4. Nxe5 Nf6 5. Be2 Bd6 6. Nc4 O-O 7. Nc3 exd3 8. Qxd3 a6 9. Bg5 Be7 10. O-O-O Qxd3 11. Bxd3 b5 12. Ne3 Re8 13. Rhe1 Bb7 14. Bxf6 gxf6 15. Ned5 Kf8 16. Nxc7 Rc8 17. Nxa8 Bxa8 18. Be4 Nc6 19. Bxh7 Bb4 20. Rd3 Ne7 21. Be4 Nc6 22. Red1 1-0

[Event "Schachfestival Senioren"]
[Site "Bad Woerishofen"]
[Date "2023.03.11"]
[Round "9.43"]
[White "Sakowski, Christian"]
[Black "Narr, Irmgard"]
[Result "1-0"]
[WhiteElo "1761"]
[BlackElo "1620"]
[PlyCount "119"]
[EventDate "2023.??.??"]
[WhiteTeam "SC Muelheim 08/25 e.V."]
[BlackTeam "SC Muehlhof-Reichelsdorf e.V."]

1. d4 Nf6 2. Nf3 b6 3. Bf4 Bb7 4. Nbd2 d6 5. h3 e6 6. e3 Be7 7. Bd3 c5 8. c3 Nbd7 9. O-O O-O 10. Re1 Re8 11. Rc1 Nf8 12. Qe2 Ng6 13. Bh2 a6 14. e4 b5 15. dxc5 dxc5 16. c4 b4 17. e5 Nd7 18. Be4 Bxe4 19. Qxe4 Bg5 20. Rcd1 Bxd2 21. Rxd2 Qc7 22. Red1 Nb6 23. b3 a5 24. Rd6 Rac8 25. Kf1 a4 26. Ne1 axb3 27. axb3 Qa7 28. Nc2 Na8 29. Ra1 Qc7 30. Raa6 Qe7 31. g3 Qg5 32. f4 Qe7 33. Bg1 h5 34. Ne1 Red8 35. Nd3 Rxd6 36. exd6 Qd8 37. Bxc5 Nf8 38. Bxb4 Nb6 39. c5 Nd5 40. Ba5 Qd7 41. Qa4 Qb7 42. Bd2 Nd7 43. c6 Qb8 44. cxd7 Rd8 45. Ne5 Qb7 46. Ke2 f6 47. Nc6 Rxd7 48. Ra7 Qb6 49. Rxd7 Kh7 50. Qe4+ Kh6 51. Qc4 f5 52. Ra7 Nf6 53. d7 Nxd7 54. Rxd7 Qg1 55. Qxe6+ g6 56. Qe3 Qg2+ 57. Kd1 Qxc6 58. Qd3 Qh1+ 59. Kc2 Qxh3 60. Qc3 1-0

[Event "Schachfestival Senioren"]
[Site "Bad Woerishofen"]
[Date "2023.03.11"]
[Round "9.44"]
[White "Eigenmann, Christina"]
[Black "Rothenhagen, Siegfried"]
[Result "0-1"]
[WhiteElo "1664"]
[BlackElo "1712"]
[PlyCount "60"]
[EventDate "2023.??.??"]
[WhiteTeam "Schweizer Schachsenioren"]
[BlackTeam "Sportfr.Windach e.V.1923"]

1. d4 Nf6 2. c4 e5 3. Bg5 exd4 4. Qxd4 Be7 5. Nf3 Nc6 6. Qd1 O-O 7. Nc3 Re8 8. e3 d6 9. Nd5 Nxd5 10. cxd5 Ne5 11. Bxe7 Nxf3+ 12. Qxf3 Qxe7 13. Bd3 Qe5 14. O-O-O b6 15. Qg3 Qxg3 16. hxg3 h6 17. Kb1 Bb7 18. Bb5 Re7 19. Rh4 a6 20. Bc6 Bxc6 21. dxc6 Rae8 22. Rhd4 Re5 23. Rd5 f6 24. b3 Kf7 25. R1d3 Ke6 26. Rxe5+ Kxe5 27. e4 Rd8 28. Kc2 d5 29. f3 Rd6 30. Rc3 dxe4 0-1

[Event "Schachfestival Senioren"]
[Site "Bad Woerishofen"]
[Date "2023.03.11"]
[Round "9.45"]
[White "Titz, Waldemar"]
[Black "Mueggenburg, Rolf"]
[Result "1/2-1/2"]
[WhiteElo "1710"]
[BlackElo "1643"]
[PlyCount "32"]
[EventDate "2023.??.??"]
[WhiteTeam "SV Rottweil"]
[BlackTeam "SSC Graal-Mueritz"]

1. e4 c5 2. Nf3 Nc6 3. c4 Nd4 4. Nc3 e6 5. d3 d6 6. Bd2 Bd7 7. h3 Qf6 8. Be2 Bc6 9. O-O g6 10. Rc1 Bg7 11. b3 Qd8 12. a4 a6 13. Re1 Ne7 14. Bg5 f6 15. Bh4 O-O 16. Bg3 Bh6 1/2-1/2

[Event "Schachfestival Senioren"]
[Site "Bad Woerishofen"]
[Date "2023.03.11"]
[Round "9.46"]
[White "Schnell, Franz"]
[Black "Grandl, Klaus"]
[Result "1-0"]
[WhiteElo "1701"]
[BlackElo "1546"]
[PlyCount "123"]
[EventDate "2023.??.??"]
[WhiteTeam "SV Nusplingen"]

1. d4 d5 2. Bf4 e6 3. e3 Nf6 4. Nc3 Be7 5. Nb5 Bd6 6. Nxd6+ cxd6 7. Nf3 Nh5 8. Bg5 f6 9. Bh4 g5 10. Nxg5 Ng7 11. Nf3 Nf5 12. Bg3 Nxg3 13. hxg3 Bd7 14. Be2 Nc6 15. Nd2 Qe7 16. Bh5+ Kd8 17. c3 Rc8 18. Bf3 Na5 19. O-O f5 20. Rc1 h5 21. c4 Bc6 22. Re1 Nxc4 23. Nxc4 dxc4 24. Bxc6 bxc6 25. e4 f4 26. gxf4 Qg7 27. Qd2 Rg8 28. Qa5+ Rc7 29. Qg5+ Qxg5 30. fxg5 Rxg5 31. Rxc4 Kd7 32. Re3 d5 33. exd5 Rxd5 34. Kf1 Kd6 35. Ke2 Rg7 36. g3 Rg4 37. Rd3 Kc7 38. Ke3 e5 39. b3 h4 40. gxh4 Rxh4 41. f3 Rh1 42. dxe5 Re1+ 43. Kd2 Rxd3+ 44. Kxd3 Rxe5 45. Re4 Rd5+ 46. Kc3 Kb6 47. a4 a5 48. Re8 Rf5 49. Re3 Rd5 50. f4 Rc5+ 51. Kd4 Rc1 52. Ke5 Kc7 53. Ke6 Rd1 54. f5 Rd6+ 55. Kf7 Kd8 56. f6 Rd1 57. Re5 Kd7 58. Re3 Rg1 59. Kf8 Rg6 60. f7 Rg5 61. Rd3+ Ke6 62. Ke8 1-0

[Event "Schachfestival Senioren"]
[Site "Bad Woerishofen"]
[Date "2023.03.11"]
[Round "9.47"]
[White "Schomann, Michael"]
[Black "Teubner, Wolfgang"]
[Result "1/2-1/2"]
[WhiteElo "1630"]
[BlackElo "1817"]
[PlyCount "107"]
[EventDate "2023.??.??"]
[WhiteTeam "TSV Kuecknitz v. 1911 e.V."]
[BlackTeam "SF Blaustein"]

1. d4 f5 2. Nf3 Nf6 3. c4 g6 4. g3 Bg7 5. Nc3 O-O 6. Bg2 d6 7. O-O Nc6 8. Re1 e5 9. dxe5 dxe5 10. Qxd8 Rxd8 11. e4 Nd4 12. Nxd4 exd4 13. Nd5 Nxd5 14. exd5 Kf7 15. Bg5 Rd7 16. Rad1 h6 17. Bc1 g5 18. b3 Re7 19. Rxe7+ Kxe7 20. Bb2 Bd7 21. Bxd4 Bxd4 22. Rxd4 Kd6 23. Rd3 a5 24. a4 Rf8 25. f4 Rf7 26. Kf2 Kc5 27. Ke2 Re7+ 28. Kd2 gxf4 29. gxf4 Rg7 30. Rg3 Rg4 31. Rxg4 fxg4 32. Kc3 c6 33. Be4 h5 34. f5 cxd5 35. cxd5 h4 36. f6 Be8 37. Kd3 g3 38. hxg3 hxg3 39. Ke3 Kd6 40. Bg2 Ke5 41. d6 Kxd6 42. Bxb7 Ke5 43. Bf3 Kxf6 44. Bd1 Ke5 45. Kf3 Kd4 46. Kxg3 Kc3 47. Kf4 Bf7 48. Ke3 Bxb3 49. Bxb3 Kxb3 50. Kd3 Kxa4 51. Kc3 Ka3 52. Kc2 Ka2 53. Kc3 a4 54. Kc2 1/2-1/2

[Event "Schachfestival Senioren"]
[Site "Bad Woerishofen"]
[Date "2023.03.11"]
[Round "9.48"]
[White "Huhn, Ulrich"]
[Black "Luebbers, Doris"]
[Result "1/2-1/2"]
[WhiteElo "1803"]
[BlackElo "1498"]
[PlyCount "174"]
[EventDate "2023.??.??"]
[WhiteTeam "SF Siemensstadt"]
[BlackTeam "SC Steinbach"]

1. d4 d5 2. Nc3 e6 3. e4 dxe4 4. Nxe4 Nf6 5. Bg5 Be7 6. Nxf6+ Bxf6 7. Bxf6 Qxf6 8. Bd3 Nd7 9. Nf3 b6 10. Qe2 Bb7 11. Be4 Bxe4 12. Qxe4 O-O 13. Rd1 Rfe8 14. O-O Qe7 15. c3 Nf6 16. Qc2 c6 17. Rfe1 Qb7 18. Qb3 Rac8 19. a4 Qb8 20. Re2 Rcd8 21. Qc4 Rd6 22. b4 Nd5 23. Red2 Rc8 24. Ne5 Qa8 25. h3 h6 26. Qb3 Ne7 27. Nc4 Rdd8 28. Qc2 Ng6 29. Qe4 Rd5 30. f4 Re8 31. Ne3 Rdd8 32. Kh2 Qc8 33. Nc4 Qa8 34. Ne5 Ne7 35. Qf3 Rd5 36. Ra2 Qc8 37. Rda1 Qc7 38. a5 b5 39. Re2 a6 40. Nd3 Qc8 41. Nc5 Nf5 42. Rae1 Re7 43. Re5 Rxe5 44. Rxe5 Re8 45. g4 Nd6 46. Qe2 Nc4 47. Re4 Rd8 48. Kg3 Rd5 49. h4 Nd6 50. Re5 Nc4 51. Rxd5 cxd5 52. g5 hxg5 53. hxg5 Nd6 54. Qe5 Nf5+ 55. Kg4 Ne7 56. Qd6 Nc6 57. Qd7 Qxd7 58. Nxd7 g6 59. Nc5 Nb8 60. Kf3 Kf8 61. Ke3 Ke7 62. Kd3 Kd6 63. Ke3 Kc6 64. Nd3 Kd6 65. Ne5 Ke7 66. Kd3 Ke8 67. Ke3 Ke7 68. Nd3 Kd6 69. Nc5 Ke7 70. Kd3 Kd6 71. Ke3 Ke7 72. Nd3 Kd6 73. Ne5 Ke7 74. Kd3 Ke8 75. Kc2 Ke7 76. Kb3 Ke8 77. Kc2 Ke7 78. Kd3 Ke8 79. Ke3 Ke7 80. Kf3 Ke8 81. Kg3 Ke7 82. Kg4 Ke8 83. Kf3 Ke7 84. Kg4 Ke8 85. Kf3 Ke7 86. Ng4 Ke8 87. Nf6+ Ke7 1/2-1/2

[Event "Schachfestival Senioren"]
[Site "Bad Woerishofen"]
[Date "2023.03.11"]
[Round "9.49"]
[White "Mitschka, Manfred"]
[Black "Richter, Stefan"]
[Result "1-0"]
[WhiteElo "1686"]
[BlackElo "1589"]
[PlyCount "83"]
[EventDate "2023.??.??"]
[WhiteTeam "SK Neuburg"]
[BlackTeam "Langenberg"]

1. d4 Nf6 2. Nf3 h6 3. e3 g6 4. Bd3 d5 5. b3 Bg7 6. Bb2 Bg4 7. Nbd2 Nbd7 8. h3 Bf5 9. Qe2 Ne4 10. g4 Nxd2 11. gxf5 Nxf3+ 12. Qxf3 Nf6 13. fxg6 O-O 14. gxf7+ Rxf7 15. Bg6 Rf8 16. Qg2 e6 17. Rg1 Qe7 18. a4 b6 19. Bd3 Kh8 20. Ba3 c5 21. dxc5 bxc5 22. Bxc5 Qf7 23. Bxf8 Rxf8 24. Rb1 Ne4 25. Bxe4 dxe4 26. Ke2 Qh5+ 27. Qg4 Qf7 28. Rbf1 Rc8 29. Qxe4 Qf6 30. Rd1 Qf7 31. Rg6 Rf8 32. f3 Qc7 33. Rdg1 Rg8 34. R1g2 Qc3 35. Qd3 Qc7 36. Qc4 Qb7 37. Qxe6 Rf8 38. Qc6 Qe7 39. Rxg7 Qxg7 40. Rxg7 Kxg7 41. c4 h5 42. c5 1-0

[Event "Schachfestival Senioren"]
[Site "Bad Woerishofen"]
[Date "2023.03.11"]
[Round "9.50"]
[White "Dreisch, Juergen"]
[Black "Schumacher, Ursula"]
[Result "1/2-1/2"]
[WhiteElo "1590"]
[BlackElo "1514"]
[PlyCount "50"]
[EventDate "2023.??.??"]
[WhiteTeam "SK Markt Schwaben"]

1. e4 c6 2. Nf3 d5 3. d3 dxe4 4. Ng5 Bf5 5. dxe4 Qxd1+ 6. Kxd1 Bg6 7. Nc3 Nd7 8. Be3 h6 9. Nf3 Ngf6 10. Bd3 e6 11. Bf4 Bc5 12. h3 Bxf2 13. Bd6 Bc5 14. Bxc5 Nxc5 15. Re1 O-O-O 16. Re3 Nfxe4 17. Nh4 Nf2+ 18. Ke2 Ncxd3 19. Nxg6 fxg6 20. cxd3 Rhf8 21. Rf1 Nxd3 22. Rxf8 Nc1+ 23. Ke1 Rxf8 24. Kd2 Rf1 25. Rxe6 g5 1/2-1/2

[Event "Schachfestival Senioren"]
[Site "Bad Woerishofen"]
[Date "2023.03.11"]
[Round "9.51"]
[White "Jovi, Klaus"]
[Black "Walther, Renate"]
[Result "1-0"]
[WhiteElo "1510"]
[BlackElo "1220"]
[PlyCount "61"]
[EventDate "2023.??.??"]
[WhiteTeam "Ohne Verein"]
[BlackTeam "SK 1911 Herzogenaurach e.V."]

1. Nf3 Nf6 2. g3 d5 3. Bg2 e6 4. O-O Nc6 5. d4 Be7 6. Nbd2 b6 7. c4 Bb7 8. cxd5 exd5 9. a3 a5 10. e3 O-O 11. Qc2 Re8 12. Re1 Qd7 13. Bf1 Bd6 14. Bb5 Re7 15. b3 Ne4 16. Nxe4 dxe4 17. Ng5 Qf5 18. Bxc6 Bxc6 19. Qxc6 Rf8 20. f4 exf3 21. Nxf3 Qe4 22. Qxe4 Rxe4 23. Kg2 h6 24. Re2 g5 25. Nd2 Ree8 26. Nc4 f5 27. Nxd6 cxd6 28. Raa2 d5 29. Rac2 Rf7 30. Rc6 Re6 31. Rxe6 1-0

[Event "Schachfestival Senioren"]
[Site "Bad Woerishofen"]
[Date "2023.03.11"]
[Round "9.52"]
[White "Hoefer, Frank"]
[Black "Mahrla, Hans"]
[Result "0-1"]
[WhiteElo "1425"]
[BlackElo "1654"]
[PlyCount "70"]
[EventDate "2023.??.??"]
[WhiteTeam "TSV Forstenried e.V."]
[BlackTeam "SC Eichenau"]

1. e4 e6 2. Nf3 d5 3. exd5 exd5 4. d4 Nf6 5. Bg5 Be7 6. Nc3 O-O 7. Bd3 Re8 8. O-O c6 9. Qd2 Nbd7 10. Ne2 h6 11. Be3 Ne4 12. Qc1 f5 13. h3 g5 14. Nh2 f4 15. Bd2 Ndf6 16. Kh1 Nxd2 17. Qxd2 Bd6 18. c4 Ne4 19. Qc2 Qe7 20. f3 Nf6 21. Rae1 Qg7 22. Ng1 Rxe1 23. Rxe1 Bd7 24. Bf5 Nh5 25. Ng4 Ng3+ 26. Kh2 Bxf5 27. Nxh6+ Qxh6 28. Qb3 b6 29. cxd5 Kg7 30. dxc6 Rc8 31. d5 Bc5 32. Qa4 Bxg1+ 33. Kxg1 Rc7 34. Qd4+ Qf6 35. Re5 Ne2+ 0-1